000 00270nam a22001097a 4500
008 240708b |||||||| |||| 00| 0 eng d
100 _aPhalelkar, Kaka
_916665
245 _aBhartiya Kavya Siddhant
260 _aDelhi:
_bLokbharti;
_c1969.
300 _a326p.
942 _cBK
999 _c40461
_d40461